| 000 | 00343nam a22001217a 4500 | ||
|---|---|---|---|
| 020 | _a9789350244548 | ||
| 082 |
_222 _a338.9 |
||
| 100 | _aDesai, Vasant. | ||
| 245 | _aThe dynamics of entrepneurail development and management / | ||
| 260 |
_aNew Delhi, _bHimalaya Publishing House, _cc2011. |
||
| 300 |
_a780p. ; _bill. ; _c27 cm. |
||
| 942 |
_2ddc _cCIVIL |
||
| 999 |
_c743 _d743 |
||